000
00360nam a2200133 a 4500
001
4144
005
20140414131952.0
008
090317s19uu xx 00 eng d
050
_a
TR 372.46
_b
M27R 2004
100
_a
Mah, May S. M.
245
_a
Rick and his trick :
_b
instructions words ending with consonant diagraph CK.
999
_c
112824
_d
112824